| 000 | 00835nam a2200229 i 4500 | ||
|---|---|---|---|
| 001 | 47261 | ||
| 003 | ES-MaACL | ||
| 005 | 20230906161529.0 | ||
| 007 | t| | ||
| 008 | 030404s1965 mx ||||1|dspa d | ||
| 100 | 1 |
_aCooper, Alice Cecilia. _940379 |
|
| 245 | 1 | 0 |
_a20 personajes célebres del mundo norteamericano moderno / _cAlice Cecilia Cooper, Charles A. Palmer ; dibujos de Cameron Wright ; [versión española de Carlos Palomar]. |
| 250 | _a1ª ed. | ||
| 260 |
_aMéxico : _bLibreros Mexicanos Unidos, _c1965. |
||
| 300 |
_a450 p. ; _c19 cm. |
||
| 650 | 4 |
_aNorteamericanos- _xBiografías. _9155043 |
|
| 700 | 1 |
_aPalmer, Charles A. _988629 |
|
| 700 | 1 |
_aWright, Cameron. _9117400 |
|
| 700 | 1 |
_aPalomar, Carlos. _988662 |
|
| 740 | 0 | _aVeinte personajes célebres del mundo norteamericano moderno. | |
| 852 |
_aES-MaACL _jC-29648 |
||
| 999 |
_c47261 _d47261 |
||